000 00776cam a22002413a 4500
001 28479
003 PGUSA
005 20140828083620.0
008 090402s2009||||xxu|||||s|||||000 | eng d
040 _aPGUSA
_beng
042 _adc
050 4 _aBV
100 1 _aBrownlie, John,
_d1857-1925
245 1 0 _aHymns from the East :
_bBeing Centos and Suggestions from the Office Books of the Holy Eastern Church
_h[electronic resource] /
_cJohn Brownlie
260 _bProject Gutenberg,
_c2009
506 _aPublic domain in the USA.
516 _aElectronic text
653 _aOrthodox Eastern Church -- Hymns
653 _aHymns, Greek -- Translations into English
830 0 _aProject Gutenberg
_v28479
856 4 0 _uhttp://www.gutenberg.org/ebooks/28479
942 _cEB
999 _c257734
_d257734